Statistics for Countries Bordering Unknown Sea #6 (no letter prompts)

Click here to take the quiz!

General Stats

  • This quiz has been taken 94 times
  • The average score is 10 of 10

Answer Stats

Country% Correct
Russia
99%
Finland
98%
Sweden
98%
Germany
97%
Poland
97%
Denmark
96%
Estonia
96%
Lithuania
96%
Latvia
94%
Baltic Sea
94%

Score Distribution

Percentile by Number Answered

Percent of People with Each Score

Your Score History

You have not taken this quiz